000 00633nam a2200241Ia 4500
003 OSt
005 20221007075113.0
006 a|||||r|||| 00| 0
007 ta
008 221006b |||||||| |||| 00| 0 eng d
024 _a32,149
037 _cTextual
040 _aFLL
_cFLL
_beng
041 _2eng
_aeng
082 _aX72:Z2q, N8
100 _aKatju Markandey
_9693505
245 0 _aInterpretation of taxing statutes
250 _a2nd
260 _aNew Delhi
_bButterworths India
_c1998
300 _axxiv,252p
_ccm.
942 _hX72:Z2q, N8
_cTEXL
_2CC
999 _c1154815
_d1154815